Statystyki dla Państwa o najniższej maksymalnej wysokości

Kliknij tutaj aby rozwiązać quiz!

Ogólne statystyki

  • Ten quiz został rozwiązany 64 razy
  • Średni wynik to 12 z 20

Statystyki odpowiedzi

mertyKontynentKraj% Poprawnych
318EuropaEstonia
75%
294EuropaLitwa
74%
312EuropaŁotwa
74%
5OceaniaTuvalu
74%
75EuropaWatykan
70%
242OceaniaPalau
67%
5AzjaMalediwy
66%
10OceaniaWyspy Marshalla
64%
103AzjaKatar
62%
253EuropaMalta
62%
71OceaniaNauru
62%
171EuropaDania
61%
122AzjaBahrajn
59%
306AzjaKuwejt
59%
81OceaniaKiribati
57%
161EuropaMonako
57%
164AzjaSingapur
49%
63Ameryka PółnocnaBahamy
38%
64AfrykaGambia
31%
300AfrykaGwinea Bissau
18%

Rozkład punktacji

Percentyl według liczby udzielonych odpowiedzi

Procent ludzi z każdym wynikiem

Twoja historia wyników

Nie rozwiązałeś tego quizu